000 00681nam a2200217Ia 4500
008 191130s2005##################000#0#eng##
020 _a9780131932937
040 _aACL
_cACL
082 _a944 POP
100 _aPopkin, Jeremy D
245 _aA history of modern France
_cJeremy D. Popkin
250 _a3rd ed
260 _aUpper Saddle River, NJ
_bPearson/Prentice Hall
_c2005
300 _axv, 362 p. : ill., maps ; 24 cm
500 _aIncludes bibliographical references (p. 332-344) and index
650 _aFrance - History - 1789-
650 _aFrance - History - 18th century
990 _aaf6ae3f9ac10000c7d3c5f3ce4a3a865
991 _a222870
999 _c341915
_d341915